000 00397nam a22001577a 4500
003 NUST - PNEC
005 20170116181157.0
008 160113b xxu||||| |||| 00| 0 eng d
020 _a-
040 _cLIBRARY
082 _a891.439 ZIA
100 _916024
_aZia Sajid
245 _aMumtaz adeebo ke muntakhib khakay
_cZia Sajid
650 _916025
_aUrdu Literature
_xGeneral
942 _2ddc
_cBK
999 _c71263
_d71263